Textbook of Mental Health (Record no. 158029)
[ view plain ]
| 000 -LEADER | |
|---|---|
| fixed length control field | 00373nam a2200145Ia 4500 |
| 008 - FIXED-LENGTH DATA ELEMENTS--GENERAL INFORMATION | |
| fixed length control field | 230411s9999 xx 000 0 und d |
| 020 ## - INTERNATIONAL STANDARD BOOK NUMBER | |
| International Standard Book Number | 978-81-312-3651-2 |
| 041 ## - LANGUAGE CODE | |
| Language code of text/sound track or separate title | eng |
| 082 ## - DEWEY DECIMAL CLASSIFICATION NUMBER | |
| Classification number | PS/610.7365/THE/B08188 |
| 100 ## - MAIN ENTRY--PERSONAL NAME | |
| Personal name | Theodore Dorothy |
| 245 ## - TITLE STATEMENT | |
| Title | Textbook of Mental Health |
| 260 ## - PUBLICATION, DISTRIBUTION, ETC. (IMPRINT) | |
| Name of publisher, distributor, etc. | Elsevier |
| Place of publication, distribution, etc. | New Delhi |
| Date of publication, distribution, etc. | 2015 |
| 300 ## - PHYSICAL DESCRIPTION | |
| Extent | 454p |
| Withdrawn status | Lost status | Source of classification or shelving scheme | Damaged status | Not for loan | Home library | Current library | Date acquired | Vendor | Cost, normal purchase price | Bill number | Full call number | Barcode | Date last seen | Cost, replacement price | Bill Date | Koha item type | Original Barcode | Collection code | Shelving control number | Total Checkouts | Date last checked out |
|---|---|---|---|---|---|---|---|---|---|---|---|---|---|---|---|---|---|---|---|---|---|
| Dewey Decimal Classification | Reference | Smt. Bakul Tambat Institute of Nursing Education | Smt. Bakul Tambat Institute of Nursing Education | 19/03/2016 | B.J.Medical Co-oprative College Stores | 345.00 | 209 | PS 610.7365 THE B08188 | BTIN-BK-8188 | 11/04/2023 | 241.50 | 19/03/2016 | Books | B08188 | |||||||
| Smt. Bakul Tambat Institute of Nursing Education | Smt. Bakul Tambat Institute of Nursing Education | 19/03/2016 | B.J.Medical Co-oprative College Stores | 345.00 | 209 | PS 610.7365 THE B08189 | BTIN-BK-8189 | 27/01/2026 | 241.50 | 19/03/2016 | Books | B08189 | 1 | 3 | 13/01/2026 |